Instant rapport

Bibliographic Details
Main Author: Brooks, Michael
Format: Book
Published: New York : Warner Books , 1989
Subjects:

MARC

LEADER 00000cam a2200000 7i4500
001 0000017444
002 000018998
005 20000330.0
020 |a 044651439X 
090 0 0 |a 302.34   |b BRO 
100 0 |a Brooks, Michael 
245 0 0 |a Instant rapport   |c Michael Brooks 
260 |a New York :   |b Warner Books ,   |c 1989 
300 |a 205 p. ;   |c 24 cm. 
650 0 0 |a Interpersonal relations 
650 0 0 |a Nonverbal communication 
999 |a 024944   |b BUKU   |c PINJAMAN   |e PERPUSTAKAAN KOMUNITI PETALING JAYA